[Event "FRA-ch Youth U14 2018"]
[Site "Agen"]
[Date "2018.04.16"]
[Round "2"]
[White "Yuan, Beline"]
[Black "Englisch, Caroline"]
[Result "0-1"]
[WhiteElo "2035"]
[BlackElo "1451"]
[Annotator "NA RC"]
[PlyCount "42"]
[EventDate "2018.??.??"]
[EventType "swiss"]
[EventCountry "FRA"]
[SourceTitle "playchess.com"]
[Source "ChessBase"]
[SourceQuality "1"]
[TimeControl "5400+30"]

{[%evp 18,41,54,21,27,20,40,34,32767,83,80,83,32767,32767,-15,-95,32767,-57,-5,-18,-27,-100,-102,-92,32767,0]} 1. d4 {[%emt 0:00:00]} Nf6 {[%emt 0:00:29]} 2. c4 {[%emt 0:00:18]} g6 {[%emt 0:00:38]} 3. Nc3 {[%emt 0:00:21]} Bg7 {[%emt 0:00:37]} 4. e4 {[%emt 0:00:38]} d6 {[%emt 0:00:28]} 5. f4 {[%emt 0:00:32]} O-O {[%emt 0:03:23]} 6. Nf3 {[%emt 0:00:38]} c5 {[%emt 0:01:38]} 7. d5 {[%emt 0:00:18]} e6 {[%emt 0:01:54]} 8. Bd3 {[%emt 0:00:43]} Re8 {[%emt 0:04:42]} 9. O-O {[%emt 0:00:16]} exd5 {[%emt 0:02:54]} 10. cxd5 {[%emt 0:00:21]} Na6 {[%emt 0:03:20] A68: Modern Benoni: Four Pawns Attack without 9...Re8} (10... c4 11. Bc2 Qb6+ 12. Kh1 Nbd7 13. Qe2 Nc5 14. Qxc4 Bd7 15. e5 Rac8 16. exf6 Bxf6 17. f5 Bxc3 18. bxc3 Bb5 19. Qd4 Bxf1 20. Bh6 Ne6 21. fxe6 Qxd4 22. Nxd4 Bc4 23. Ba4 b5 24. Nxb5 Bxb5 25. Bxb5 {1-0 (25) Gareyev,T (2590)-Dale,A (2374) Canberra 2018}) 11. Re1 {[%emt 0:06:04]} Nc7 {[%emt 0:05:37]} 12. a4 {[%emt 0:00:16]} b6 {[%emt 0:02:25]} 13. h3 {[%emt 0:06:42]} a6 {[%emt 0:11:18]} 14. Bc4 $146 {[%emt 0:00:00]} ({Find the theoretical novelty and annotate with similar games:} 14. Be3 Bd7 15. Bc2 b5 16. e5 {1-0 (16) Wicht,J (2217)-Schwab,T (2108) Cologne 2000}) 14... Bb7 15. Qb3 Rb8 {[%emt 0:07:22]} 16. e5 {[%emt 0:21:29]} (16. Qc2 $11) 16... Nd7 {[%emt 0:16:04]} 17. Bd2 {[%emt 0:14:43]} ({Of course not} 17. exd6 Rxe1+ 18. Nxe1 Ne8 $17) ({White should try} 17. e6 $11 Nf6 18. exf7+ Kxf7 19. Rxe8 Nfxe8 20. f5 (20. Qxb6 Ba8 $11)) 17... dxe5 {[%emt 0:06:12]} 18. d6 {[%emt 0:00:10]} Ne6 {[%emt 0:01:21]} 19. Nxe5 {[%emt 0:00:52]} (19. Nd5 $1 $11 {keeps the balance.}) 19... Nxe5 {[%emt 0:05:35]} 20. fxe5 {[%emt 0:00:08]} Kh8 {[%emt 0:03:41]} 21. Qd1 $11 {[%emt 0:07:26]} Qd7 {[%emt 0:02:37]} 0-1

[Event "FRA-ch Youth U14 2018"]
[Site "Agen"]
[Date "2018.04.16"]
[Round "2"]
[White "Emmenecker, Pierre-Antoine"]
[Black "Bacrot, Alexandre"]
[Result "0-1"]
[WhiteElo "1946"]
[BlackElo "2180"]
[Annotator "TA"]
[PlyCount "60"]
[EventDate "2018.??.??"]
[EventType "swiss"]
[EventCountry "FRA"]
[SourceTitle "playchess.com"]
[Source "ChessBase"]
[SourceQuality "1"]

{[%evp 25,60,-37,0,-56,-1,-53,-39,-75,-55,-115,-133,-131,-107,-158,-165,-178,-125,-185,-190,-195,-154,-156,-146,-167,-163,-216,-170,-496,-255,-596,-580,-586,-579,-622,-623,-29996,-29997]} 1. e4 e5 2. Nf3 Nc6 3. Bc4 Bc5 4. c3 Nf6 5. d4 exd4 6. cxd4 Bb4+ 7. Nc3 Nxe4 8. O-O Bxc3 9. d5 Ne5 10. Qe2 O-O 11. bxc3 Nxc4 12. Qxc4 Nd6 13. Qf4 Ne8 {LiveBook: 3 Games. C54: Giuoco Piano: 4 c3 Nf6, main lines with 5 d4 and 5 d3} (13... Qf6 14. Qxf6 gxf6 15. Ba3 b5 16. Nd4 Rb8 17. Rfe1 Bb7 18. Bxd6 cxd6 19. Nf5 Rfe8 20. Rxe8+ Rxe8 21. Nxd6 {1-0 (49) Martin Del Campo C,R (2392)-Harazinska,E (2257) Charlotte 2017}) 14. d6 (14. Qg3 $11) 14... cxd6 (14... b6 $15) 15. Ba3 (15. Nd4 $11) 15... Qf6 $146 {Black is slightly better.} ({Find the theoretical novelty and annotate with similar games:} 15... b6 16. Rfe1 Bb7 17. Nd4 Qf6 18. Qxf6 Nxf6 19. Nf5 Rfe8 20. Nxd6 Rxe1+ 21. Rxe1 {½-½ (55) Kopylov,N-Levenfish,G Moscow (Russia) 1949}) 16. Qd2 b6 17. Rad1 (17. Qd5 $15 Rb8 18. Nd4) 17... Bb7 $17 18. Nd4 Nc7 19. Ne2 (19. Qc2 $142) 19... Rfe8 20. Nf4 Ne6 (20... d5 $19 21. Rfe1 Rac8) 21. Nd5 (21. Bxd6 $17 Rac8 22. Nd5 Bxd5 23. Qxd5) 21... Bxd5 $19 22. Qxd5 Qxc3 23. Qxd6 Qc4 24. Rd2 Rad8 25. Re1 (25. f4 {was called for.}) 25... h6 {Strongly threatening ...Nc5.} 26. Rc1 $2 {[#]} (26. Rde2 {is more resistant.}) 26... Nd4 (26... Nf4 $142 $1 {[%mdl 512]} 27. h3 Ne2+ 28. Rxe2 Qxe2) 27. Rcd1 $2 (27. Ra1 {was the crucial defense.} Ne2+ 28. Kh1) 27... Ne2+ {[%cal Bd4e2,Be2c3,Bc3b5][%mdl 32]} 28. Kh1 Nc3 $1 {[%csl LRa2,LRd1]} 29. Rc1 {[#] If only White now had time for h3....} Nb5 $1 {[%mdl 512] ( -> ...Qxc1+!)} 30. Qd3 {[#]} Qxc1+ $1 {[%mdl 512] Precision: White = 14%, Black = 52%.} 0-1

[Event "FRA-ch Youth U14 2018"]
[Site "Agen"]
[Date "2018.04.16"]
[Round "2"]
[White "Cont, Arya"]
[Black "Poulet, Benoit"]
[Result "1/2-1/2"]
[WhiteElo "1938"]
[BlackElo "2165"]
[Annotator "TA"]
[PlyCount "117"]
[EventDate "2018.??.??"]
[EventType "swiss"]
[EventCountry "FRA"]
[SourceTitle "playchess.com"]
[Source "ChessBase"]
[SourceQuality "1"]

{[%evp 14,117,22,17,37,29,41,22,46,24,16,7,16,0,21,0,0,0,11,14,37,33,46,47,47,45,49,55,76,76,69,49,129,118,120,120,161,112,139,145,212,203,299,282,345,264,356,194,272,182,370,312,635,452,545,528,494,125,338,331,181,108,108,108,108,109,106,35,35,35,35,35,63,14,30,30,54,0,0,0,21,3,37,37,37,37,37,37,63,74,80,85,155,155,155,109,155,154,154,154,147,139,114,114,114,114]} 1. e4 c5 2. Nc3 Nc6 3. Bb5 g6 4. Bxc6 dxc6 5. Nf3 Bg7 6. d3 Nf6 7. h3 O-O {B31: Sicilian: 2...Nc6 3 Bb5 g6} 8. Bg5 {LiveBook: 4 Games} (8. Be3 b6 9. Qd2 e5 10. Bh6 Qd6 11. O-O-O a5 12. g4 a4 13. Kb1 Be6 14. Ne2 b5 15. Ng3 Rfd8 16. Bxg7 Kxg7 17. Qg5 Nd7 {1-0 (30) Anand,V (2776)-Grischuk,A (2767) Moscow 2018}) 8... b6 9. Qd2 Re8 {White has an edge.} 10. O-O $146 ({Predecessor:} 10. O-O-O b5 11. Bh6 Bh8 12. Ng5 e6 13. f4 b4 14. Ne2 a5 15. e5 Nd5 {1-0 (29) Schula,M (2270)-Stehlik,J Hradec Kralove 1992}) 10... Ba6 11. Qe3 e5 12. Rad1 Qd6 13. Nd2 Nd7 14. Kh1 Nf8 15. f4 {[%cal Bf2f4,Bf4f5][%mdl 32]} Ne6 16. f5 Nxg5 17. Qxg5 Qd8 18. Qg3 Bf6 19. Qf3 $36 {[%mdl 2048] White has some pressure.} Kg7 20. Rf2 Qe7 21. Rdf1 {[#] And now fxg6 would win.} Rf8 22. g4 {Hoping for g5!} ({Reject} 22. fxg6 fxg6 23. Qe2 Bg5 $11) 22... g5 (22... Kh8 $14) 23. Ne2 $16 {[%cal Bc3e2,Be2g3,Bg3h5][%mdl 32]} h6 24. Ng3 Rad8 25. Rg1 Kh7 26. Nh5 Rd4 (26... Qd6 $16) 27. Qg3 $18 Re8 (27... c4 {was necessary.}) 28. Nf3 Rd6 29. b3 Bg7 30. Rh2 (30. h4 $142 Bh8 31. f6 Bxf6 32. Nxg5+ Bxg5 33. hxg5 hxg5 34. Rgf1) 30... f6 (30... Bh8 $142 31. h4 f6) 31. h4 Kg8 $2 (31... Bh8 {might work better.} 32. hxg5 fxg5) 32. hxg5 hxg5 $2 (32... fxg5 33. Nxg7 Kxg7) 33. Qh3 Qf7 34. Nxg7 Qxg7 {[#]} 35. Qh5 $2 (35. Kg2 $1 $18 {and the rest is easy.}) 35... Rdd8 $2 (35... Kf8 $16 36. Kg2 Rd7) 36. Rg3 Kf8 (36... Re7 {was called for.} 37. Rgh3 Red7 38. Qh8+ Kf7 39. Qxg7+ Kxg7) 37. Qh8+ (37. Rgh3 $18 Ke7 38. Qh7) 37... Qxh8 $16 38. Rxh8+ Kg7 39. Rh5 {aiming for Rgh3.} Rh8 40. Rxh8 ({White should play} 40. Rgh3 $16) 40... Rxh8+ {[%mdl 4096] Endgame KRB-KRN} 41. Kg2 Bc8 42. Rh3 Rd8 43. Nh2 Bd7 44. Nf1 Be8 45. Ng3 (45. Nd2 $14) 45... b5 $11 46. Kf2 Rb8 47. Ke3 Rb6 48. c4 Ra6 49. Rh2 Bf7 50. Rd2 Ra3 51. Rc2 $1 a6 52. Ne2 b4 (52... a5 $142) 53. Nc1 $16 a5 54. Rh2 Bg8 55. Kd2 Kf7 56. Kc2 Ke7 57. Rh8 Kf8 58. Rh6 Kg7 59. Rh2 {Precision: White = 54%, Black = 23%.} 1/2-1/2

[Event "FRA-ch Youth U14 2018"]
[Site "Agen"]
[Date "2018.04.16"]
[Round "2"]
[White "Roux, Baptiste"]
[Black "Popov, Konstantin"]
[Result "0-1"]
[WhiteElo "1909"]
[BlackElo "2150"]
[Annotator "TA"]
[PlyCount "122"]
[EventDate "2018.??.??"]
[EventType "swiss"]
[EventCountry "FRA"]
[SourceTitle "playchess.com"]
[Source "ChessBase"]
[SourceQuality "1"]

{[%evp 21,122,13,32,25,32,32,27,25,35,0,0,0,0,-60,-37,-41,-35,-60,-37,-64,-56,-56,-58,-64,-58,-58,-59,-73,-60,-74,-76,-82,-74,-74,-74,-85,-76,-109,-75,-75,-75,-75,-75,-75,-75,-81,-81,-81,-81,-109,-109,-108,-66,-66,-66,-135,-12,-12,-12,-12,-12,-26,-26,-1397,-1335,-1345,-1327,-1723,-1793,-4537,-4569,-12804,-5122,-29968,-29972,-29973,-29974,-29975,-29976,-29976,-29974,-29977,-29978,-29978,-29979,-29981,-29982,-29982,-29983,-29982,-29983,-29983,-29984,-29984,-29985,-29991,-29992,-29992,-29993,-29995,-29996,-29998,-29999]} 1. e4 c5 2. Nf3 e6 3. c3 d5 4. exd5 Qxd5 5. d4 Nf6 6. Be2 Nc6 7. Na3 cxd4 8. Nb5 Qd8 9. Nbxd4 Nxd4 10. Qxd4 Qxd4 11. Nxd4 Bd7 {LiveBook: 8 Games. B22: Sicilian: 2 c3} 12. O-O Bc5 (12... O-O-O 13. Bf4 Bc5 14. Be5 Bb6 15. Rfe1 Ne8 16. Bc4 f6 17. Bg3 e5 18. Ne6 Nd6 19. Nxd8 Nxc4 {½-½ (84) Salgado Lopez,I (2606)-Navara,D (2710) Caleta 2013}) 13. Rd1 $146 ({Predecessor:} 13. Nb3 Bb6 14. Bf3 O-O-O 15. a4 a6 16. Bg5 h6 17. Bh4 Kb8 18. Rfd1 Bc8 19. Nd2 {½-½ (35) Macieja,B (2430)-Varga,P (2420) Budapest 1996}) 13... O-O-O {White is slightly better.} 14. Bf4 Ba4 15. Nb3 Rxd1+ 16. Rxd1 Ne4 17. Bg3 (17. Rf1 $11) 17... Nxg3 18. hxg3 Bb6 19. Bf3 Re8 20. c4 Bxb3 21. axb3 $15 {[%mdl 4096] Endgame KRB-KRB} Bc5 22. Kf1 Kc7 23. Ke2 b6 24. Be4 f5 25. Bd3 g6 26. f3 Bd4 27. Rd2 a5 28. Kd1 e5 29. Kc2 e4 30. Bxe4 Be5 31. Bd5 Bxg3 32. Kd3 Kd6 33. Re2 Rxe2 34. Kxe2 $17 {KB-KB} Ke5 35. Ke3 h5 36. Bf7 Kf6 37. Be8 Be5 38. b4 (38. f4 $15 Bxb2 39. g3) 38... Bxb2 ({Black should try} 38... axb4 $17 39. b3 Kg5) 39. c5 $1 $11 axb4 40. cxb6 {[#] Hoping for f4.} Be5 41. b7 b3 {[%cal Bb4b3,Bb3b2][%mdl 32] And now ...b2 would win.} 42. Ba4 $2 {[%mdl 8192]} (42. Kd2 $11) 42... b2 $19 43. Bc2 {[#]} Kg5 $1 44. Kf2 Kh4 45. Kf1 Kg3 46. Bb1 h4 47. Bc2 h3 {Black mates.} 48. gxh3 Kxf3 49. h4 Kg4 50. Ke2 Kxh4 51. Kf3 Kg5 52. Bb1 Kf6 53. Bc2 g5 {[%cal Bg6g5,Bg5g4,Bg4g3,Bg3g2][%mdl 32]} 54. Bb1 g4+ 55. Kf2 Kg5 56. Kg2 f4 {[%cal Bf5f4,Bf4f3][%mdl 32]} 57. Kf2 f3 58. Kg1 g3 59. Kf1 Kf4 60. Bc2 g2+ 61. Kg1 Kg3 {Precision: White = 39%, Black = 75%.} 0-1

[Event "FRA-ch Youth U14 2018"]
[Site "Agen"]
[Date "2018.04.16"]
[Round "2"]
[White "Randrianarimanana, Alicia"]
[Black "Piacentini, Angelina"]
[Result "1-0"]
[WhiteElo "1872"]
[BlackElo "1429"]
[Annotator "NA RC"]
[PlyCount "76"]
[EventDate "2018.??.??"]
[EventType "swiss"]
[EventCountry "FRA"]
[SourceTitle "playchess.com"]
[Source "ChessBase"]
[SourceQuality "1"]
[TimeControl "5400+30"]

{[%evp 10,76,8,6,8,2,15,20,20,32767,20,15,12,0,8,15,32767,32767,32767,32767,32767,32767,32767,10,25,20,87,32767,61,-103,10,0,32767,32767,32767,-20,32767,32767,32767,32767,32767,32767,685,760,835,880,843,945,912,832,5614,32767,32767,32767,29986,29984,5745,1452,1400,1187,1566,1603,1431,1144,32767,32767,32767,32767,29986]} 1. Nf3 {[%emt 0:02:58]} d5 {[%emt 0:00:59]} 2. b3 {[%emt 0:00:25]} b6 {[%emt 0:01:30]} 3. Bb2 {[%emt 0:03:31]} Bb7 {[%emt 0:02:19]} 4. e3 {[%emt 0:00:17]} Nf6 {[%emt 0:05:25]} 5. d4 {[%emt 0:00:14]} Nbd7 {[%emt 0:03:46]} 6. Bd3 {[%emt 0:00:06]} e6 {[%emt 0:01:05]} 7. O-O {[%emt 0:00:13]} Be7 {[%emt 0:03:51]} 8. c4 {[%emt 0:06:54]} c6 {[%emt 0:01:58]} 9. Nbd2 {[%emt 0:01:10]} O-O {[%emt 0:01:37]} 10. Ne5 {[%emt 0:02:07] D30: Queen's Gambit Declined: Systems without Nc3} (10. Qe2 Rc8 11. Ne5 c5 12. f4 Ne4 13. Bxe4 dxe4 14. Rad1 cxd4 15. Nxe4 Nxe5 16. fxe5 Bxe4 17. Rxd4 Bd5 18. cxd5 Bc5 19. Rd3 exd5 20. Qf3 {1-0 (38) Eljanov,P (2760)-Van Wely,L (2640) Wijk aan Zee 2016}) 10... c5 {[%emt 0:01:39]} 11. f4 {[%emt 0:04:22]} Ne4 {[%emt 0:02:11] LiveBook: 5 Games} 12. cxd5 {[%emt 0:09:11]} exd5 {[%emt 0:01:52]} 13. Rf3 $146 {[%emt 0:01:07]} ({Predecessor:} 13. Ndf3 Rc8 14. Nxd7 Qxd7 15. dxc5 Nxc5 {1-0 (47) Shen,Y (2465)-Wang,D (2191) Shenzhen 2017}) 13... f6 {[%emt 0:02:28]} 14. Nxd7 {[%emt 0:00:34]} Qxd7 {[%emt 0:01:21]} 15. Rh3 {[%emt 0:00:56]} f5 {[%emt 0:02:22]} 16. Nf3 {[%emt 0:13:32]} ({Reject} 16. Bxe4 $6 fxe4 17. dxc5 Qf5 $11) (16. dxc5 $16 Nxd2 17. cxb6 (17. Qxd2 bxc5 18. Rc1 Rf7 $14)) 16... Rac8 {[%emt 0:09:47]} 17. Ne5 {[%emt 0:00:27]} Qe6 {[%emt 0:01:05]} (17... Qe8 $11 {keeps the balance.}) 18. Qh5 {[%emt 0:02:50]} h6 {[%emt 0:03:03]} 19. Be2 $2 {[%emt 0:09:10] [#]} (19. Bxe4 $1 $14 {keeps the upper hand.} fxe4 20. Rg3) 19... Bd6 {[%emt 0:06:56]} ({Better is} 19... c4 $1 $17 20. g4 c3) 20. dxc5 Rxc5 {[%emt 0:07:41]} 21. Bd4 {[%emt 0:09:06]} Rc2 {[%emt 0:00:51]} 22. Bd1 {[%emt 0:03:10]} (22. Bd3 $5 {[%cal Rd3c2]} Rd2 23. Bxe4 dxe4 24. Rg3 $11) 22... Rd2 {[%emt 0:04:57]} 23. Nf3 {[%emt 0:06:54]} Rf2 {[%emt 0:10:37]} 24. Ng5 {[%emt 0:07:54]} hxg5 {[%emt 0:03:59]} 25. fxg5 {[%emt 0:06:01]} Nxg5 $2 {[%emt 0:08:21]} (25... Qe7 26. Qh7+ (26. g6 Rxg2+ 27. Kxg2 Qg5+ 28. Qxg5 Nxg5 $18) 26... Kf7) 26. Qxg5 {[%emt 0:00:43]} Be5 {[%emt 0:01:29]} 27. Kxf2 {[%emt 0:00:38]} Bxd4 {[%emt 0:00:59]} 28. exd4 {[%emt 0:00:06]} f4 {[%emt 0:01:03]} 29. Qh5 {[%emt 0:04:29]} Re8 {[%emt 0:02:22]} 30. Qh8+ {[%emt 0:02:10]} Kf7 {[%emt 0:00:20]} 31. Bh5+ {[%emt 0:00:53]} g6 {[%emt 0:03:09]} 32. Qh7+ {[%emt 0:00:05]} Kf8 {[%emt 0:01:10]} 33. Qxg6 {[%emt 0:00:31]} (33. Bxg6 $142 Qf6 34. Qh8+ Qxh8 35. Rxh8+ Kg7 36. Rxe8 Kxg6 37. Rc1 Kf6 38. Re5) 33... Qxg6 {[%emt 0:02:34]} 34. Bxg6 {[%emt 0:00:01]} Re6 {[%emt 0:00:20]} 35. Bf5 {[%emt 0:00:15]} Rf6 {[%emt 0:00:45]} 36. Bg4 {[%emt 0:00:06]} Kg7 {[%emt 0:00:49]} 37. Rc1 {[%emt 0:00:05]} Rf7 {[%emt 0:00:21]} 38. Rhc3 {[%emt 0:00:40]} Bc8 1-0

[Event "FRA-ch Youth U14 2018"]
[Site "Agen"]
[Date "2018.04.16"]
[Round "2"]
[White "Hamon, Elisa"]
[Black "Moracchini, Margaux"]
[Result "1/2-1/2"]
[WhiteElo "1451"]
[BlackElo "1939"]
[Annotator "NA RC"]
[PlyCount "100"]
[EventDate "2018.??.??"]
[EventType "swiss"]
[EventCountry "FRA"]
[SourceTitle "playchess.com"]
[Source "ChessBase"]
[SourceQuality "1"]
[TimeControl "5400+30"]

{[%evp 22,100,110,49,72,43,32767,32767,32767,150,159,147,158,32767,32767,32767,143,124,126,118,32767,32767,32767,32767,32767,32767,6,32767,0,0,32767,21,25,32767,32767,15,19,-4,-9,-8,-4,32767,32767,32767,32767,-25,-16,-42,17,0,14,0,14,25,12,8,8,0,0,8,0,0,8,0,0,0,0,0,0,0,0,32767,0,0,8,0,0,0,0,0,0]} 1. e4 {[%emt 0:00:00]} c5 {[%emt 0:00:04]} 2. Nf3 {[%emt 0:00:00]} d6 {[%emt 0:00:12]} 3. d4 {[%emt 0:00:42]} cxd4 {[%emt 0:00:04]} 4. Nxd4 {[%emt 0:00:54]} Nf6 {[%emt 0:00:07]} 5. Nc3 {[%emt 0:00:33]} g6 {[%emt 0:00:05]} 6. Be3 {[%emt 0:01:32]} Bg7 {[%emt 0:00:06]} 7. f3 {[%emt 0:01:21]} O-O {[%emt 0:00:12]} 8. Qd2 {[%emt 0:03:01]} Nc6 {[%emt 0:00:09]} 9. g4 {[%emt 0:02:31]} Nxd4 {[%emt 0:01:57]} 10. Bxd4 {[%emt 0:00:07]} Be6 {[%emt 0:00:21]} 11. h4 {[%emt 0:04:25]} h5 {[%emt 0:10:00] B76: Sicilian Dragon: Yugoslav Attack, 9 g4 and 9 0-0-0} (11... Qa5 12. h5 Rfc8 13. a3 Rab8 14. hxg6 hxg6 15. Bd3 Bc4 16. O-O-O b5 17. Bxc4 Rxc4 18. Bxf6 Bxf6 19. Nd5 Qxd2+ 20. Rxd2 Kg7 {1-0 (66) Vocaturo,D (2598)-Grigoryan,K (2584) Barcelona 2017}) 12. O-O-O {[%emt 0:11:55]} Qa5 {[%emt 0:03:55]} 13. Qg5 {[%emt 0:06:22]} (13. gxh5 $16 Nxh5 14. Rg1) 13... Qxg5+ {[%emt 0:27:15]} 14. hxg5 {[%emt 0:00:13]} Nh7 {[%emt 0:00:58]} 15. gxh5 {[%emt 0:08:17]} Nxg5 {[%emt 0:03:53]} 16. Bxg7 {[%emt 0:01:51]} Kxg7 {[%emt 0:00:09]} 17. f4 {[%emt 0:00:55]} Nh7 {[%emt 0:01:04]} 18. Bd3 $146 {[%emt 0:01:48]} Nf6 {[%emt 0:13:54] [#]} 19. hxg6 $1 {[%emt 0:12:57]} fxg6 {[%emt 0:00:22]} 20. f5 {[%emt 0:01:18]} gxf5 {[%emt 0:14:34]} 21. Rdg1+ {[%emt 0:00:35]} Kf7 {[%emt 0:00:29]} 22. exf5 {[%emt 0:00:26]} Bd7 {[%emt 0:01:08]} 23. Bc4+ {[%emt 0:00:39]} Ke8 {[%emt 0:03:16]} 24. Rg7 {[%emt 0:08:39]} Rc8 {[%emt 0:02:17]} 25. Bd3 {[%emt 0:01:45]} Rg8 {[%emt 0:05:03]} 26. Rxg8+ {[%emt 0:02:17]} Nxg8 {[%emt 0:00:03]} 27. Be4 {[%emt 0:03:25]} Bc6 {[%emt 0:02:12]} 28. Nd5 {[%emt 0:01:37]} Kd7 {[%emt 0:01:45]} 29. f6 {[%emt 0:02:32]} Bxd5 $1 {[%emt 0:03:29]} 30. Bxd5 {[%emt 0:01:17]} Nxf6 {[%emt 0:00:12]} 31. Bxb7 {[%emt 0:00:16]} Rc5 {[%emt 0:00:13]} 32. Rd1 {[%emt 0:02:54]} e5 {[%emt 0:01:07]} 33. b3 {[%emt 0:02:27]} d5 {[%emt 0:01:39]} 34. Kb2 {[%emt 0:04:40]} Ra5 {[%emt 0:01:20]} 35. Rf1 {[%emt 0:00:54]} Ng8 {[%emt 0:01:54]} 36. Rf5 {[%emt 0:02:14]} Kd6 {[%emt 0:00:28]} 37. Rf8 {[%emt 0:01:33]} Ne7 {[%emt 0:00:23]} 38. Rf6+ {[%emt 0:00:33]} Kd7 $1 {[%emt 0:00:40]} 39. a3 {[%emt 0:01:24]} Rb5 {[%emt 0:00:56]} 40. Ba6 {[%emt 0:00:53]} Rb6 {[%emt 0:01:19]} 41. Rxb6 {[%emt 0:00:33]} axb6 {[%emt 0:00:03]} 42. Kc3 {[%emt 0:00:24]} Kc6 {[%emt 0:00:09]} 43. a4 {[%emt 0:00:17]} Nf5 {[%emt 0:00:18]} 44. Bb5+ {[%emt 0:00:30]} Kd6 {[%emt 0:00:30]} 45. b4 {[%emt 0:01:01]} Nd4 {[%emt 0:00:15]} 46. Bd3 {[%emt 0:00:32]} Nc6 {[%emt 0:00:32]} 47. Bb5 {[%emt 0:00:42]} d4+ {[%emt 0:01:17]} 48. Kc4 {[%emt 0:00:38]} Ne7 {[%emt 0:00:08]} 49. c3 {[%emt 0:00:32]} dxc3 {[%emt 0:00:48]} 50. Kxc3 {[%emt 0:00:04]} Nd5+ $11 {[%emt 0:01:00]} 1/2-1/2

[Event "FRA-ch Youth U14 2018"]
[Site "Agen"]
[Date "2018.04.16"]
[Round "2"]
[White "Soulet, Julia"]
[Black "Nguyen, Thao Nhi"]
[Result "0-1"]
[WhiteElo "1413"]
[BlackElo "1861"]
[Annotator "NA RC"]
[PlyCount "54"]
[EventDate "2018.??.??"]
[EventType "swiss"]
[EventCountry "FRA"]
[SourceTitle "playchess.com"]
[Source "ChessBase"]
[SourceQuality "1"]
[TimeControl "5400+30"]

{[%evp 11,46,-37,-35,-173,-147,-133,-110,-101,-99,-167,-168,-147,-119,-328,-312,-395,-408,32767,32767,32767,32767,-729,-932,-866,-792,-1059,-1237,32767,32767,-881,-1081,-1333,-1539,-1958,-1924,-1696,-2235]} 1. d4 {[%emt 0:00:00]} Nf6 {[%emt 0:00:06]} 2. c4 {[%emt 0:00:00]} e5 {[%emt 0:00:04]} 3. e3 {[%emt 0:04:22]} exd4 {[%emt 0:02:31]} 4. exd4 {[%emt 0:00:25]} Bb4+ {[%emt 0:00:25]} 5. Bd2 {[%emt 0:00:58]} Bxd2+ {[%emt 0:00:18]} 6. Nxd2 {[%emt 0:01:10]} O-O {[%emt 0:00:51]} 7. Ne2 $2 {[%emt 0:05:44] A51: Budapest Gambit, Fajarowicz Variation} (7. Ngf3 $11 Re8+ 8. Be2 Qe7 9. Rc1 d5 10. Rc3 dxc4 11. Re3 Qb4 12. Rxe8+ Nxe8 13. Bxc4 Nd6 14. Qb3 Nc6 {0-1 (46) Biljanic,L (2350)-Zivkovic,D (2263) Sabac 2014}) 7... Re8 {[%emt 0:05:46]} 8. g3 {[%emt 0:01:09]} d5 $146 {[%emt 0:00:32]} ({Predecessor:} 8... Nc6 $19 9. Qb3 (9. d5 Nd4 10. Rc1 d6 11. Nb1 Nf3# {0-1 (11) Lopez Perez,R-Abadia Pascual,L Binissalem 2002}) 9... Nxd4) 9. Bg2 {[%emt 0:02:13]} Bg4 {[%emt 0:00:49]} 10. f3 {[%emt 0:02:57]} Bf5 {[%emt 0:01:00]} 11. O-O {[%emt 0:01:19]} Nc6 {[%emt 0:06:52]} 12. g4 $2 {[%emt 0:14:21]} (12. Rf2 $17) 12... Bd3 {[%emt 0:01:48]} 13. Re1 {[%emt 0:00:24]} dxc4 {[%emt 0:00:23]} 14. Rc1 {[%emt 0:07:28]} Nxd4 {[%emt 0:00:50]} 15. Nf4 {[%emt 0:02:09]} Qd6 {[%emt 0:09:57]} 16. Rxe8+ {[%emt 0:15:33]} Rxe8 {[%emt 0:00:14]} 17. Nxd3 {[%emt 0:06:29]} cxd3 {[%emt 0:00:07]} 18. Bf1 {[%emt 0:00:54]} Ne2+ {[%emt 0:05:15]} 19. Bxe2 {[%emt 0:00:25]} dxe2 {[%emt 0:00:05]} 20. Qe1 {[%emt 0:01:22]} Qd4+ {[%emt 0:04:23]} 21. Kg2 {[%emt 0:02:40]} Nd5 {[%emt 0:00:19]} 22. Ne4 {[%emt 0:02:45]} Nf4+ {[%emt 0:01:15]} 23. Kg3 $19 {[%emt 0:00:27]} Rxe4 {[%emt 0:04:34]} 24. Rxc7 {[%emt 0:04:10]} Re8 {[%emt 0:02:11]} 25. Qc1 {[%emt 0:01:56]} Nd3 {[%emt 0:00:21]} 26. Re7 {[%emt 0:07:27]} Qd6+ {[%emt 0:00:17]} 27. Kg2 {[%emt 0:00:18]} Qxe7 {[%emt 0:00:14]} 0-1